<?xml version="1.0" encoding="UTF-8"?>
<record
    xmlns:xsi="http://www.w3.org/2001/XMLSchema-instance"
    xsi:schemaLocation="http://www.loc.gov/MARC21/slim http://www.loc.gov/standards/marcxml/schema/MARC21slim.xsd"
    xmlns="http://www.loc.gov/MARC21/slim">

  <leader>00837na  a2200289   4500</leader>
  <controlfield tag="001">21898</controlfield>
  <controlfield tag="003">MIRAKIL</controlfield>
  <controlfield tag="005">20181226092846.0</controlfield>
  <controlfield tag="008">170208b        tu  n0        0    0     </controlfield>
  <datafield tag="035" ind1=" " ind2=" ">
    <subfield code="a">20918</subfield>
  </datafield>
  <datafield tag="040" ind1=" " ind2=" ">
    <subfield code="a">Milas</subfield>
    <subfield code="b">tur</subfield>
    <subfield code="c">TR-AnCHP</subfield>
  </datafield>
  <datafield tag="041" ind1=" " ind2=" ">
    <subfield code="a">tur</subfield>
  </datafield>
  <datafield tag="090" ind1=" " ind2=" ">
    <subfield code="a">050 DER 46</subfield>
  </datafield>
  <datafield tag="245" ind1=" " ind2=" ">
    <subfield code="a">Fikir ve san'atta hareket ayl&#x131;k dergi</subfield>
    <subfield code="b">ayl&#x131;k dergi</subfield>
    <subfield code="c">[haz&#x131;rlayan] Nurettin Top&#xE7;u</subfield>
  </datafield>
  <datafield tag="246" ind1=" " ind2=" ">
    <subfield code="a">Fikir ve sanatta hareket dergi</subfield>
  </datafield>
  <datafield tag="246" ind1=" " ind2=" ">
    <subfield code="a">Fikir ve sanatta hareket</subfield>
  </datafield>
  <datafield tag="260" ind1=" " ind2=" ">
    <subfield code="a">&#x130;stanbul</subfield>
    <subfield code="c">1966-</subfield>
  </datafield>
  <datafield tag="300" ind1=" " ind2=" ">
    <subfield code="a">c.</subfield>
    <subfield code="b">res.</subfield>
    <subfield code="c">28 sm.</subfield>
  </datafield>
  <datafield tag="310" ind1=" " ind2=" ">
    <subfield code="a">Ayl&#x131;k</subfield>
  </datafield>
  <datafield tag="362" ind1=" " ind2=" ">
    <subfield code="a">Say&#x131; 25  (Ocak 1968) -35 (Kas&#x131;m 1968)</subfield>
  </datafield>
  <datafield tag="650" ind1=" " ind2=" ">
    <subfield code="a">Edebiyat</subfield>
    <subfield code="v">S&#xFC;reli yay&#x131;nlar</subfield>
  </datafield>
  <datafield tag="650" ind1=" " ind2=" ">
    <subfield code="a">K&#xFC;lt&#xFC;r</subfield>
    <subfield code="v">S&#xFC;reli yay&#x131;nlar</subfield>
  </datafield>
  <datafield tag="650" ind1=" " ind2=" ">
    <subfield code="a">Felsefe</subfield>
    <subfield code="v">S&#xFC;reli yay&#x131;nlar</subfield>
  </datafield>
  <datafield tag="650" ind1=" " ind2=" ">
    <subfield code="a">Sanat</subfield>
    <subfield code="v">S&#xFC;reli yay&#x131;nlar</subfield>
  </datafield>
  <datafield tag="910" ind1=" " ind2=" ">
    <subfield code="a">DERG&#x130; 46</subfield>
  </datafield>
  <datafield tag="942" ind1=" " ind2=" ">
    <subfield code="2">ddc</subfield>
    <subfield code="c">SER</subfield>
  </datafield>
  <datafield tag="952" ind1=" " ind2=" ">
    <subfield code="5">1</subfield>
    <subfield code="a">0001</subfield>
    <subfield code="b">0001</subfield>
    <subfield code="d">2017-02-08</subfield>
    <subfield code="f"> S&#xDC;REL&#x130; YAYINLAR</subfield>
    <subfield code="l">0</subfield>
    <subfield code="o">050 DER 140</subfield>
    <subfield code="p">D046</subfield>
    <subfield code="r">2017-02-08 00:00:00</subfield>
    <subfield code="v">0.00</subfield>
    <subfield code="w">2017-02-08</subfield>
    <subfield code="x"> Ciltli</subfield>
    <subfield code="y">SER</subfield>
  </datafield>
  <datafield tag="999" ind1=" " ind2=" ">
    <subfield code="c">11504</subfield>
    <subfield code="d">11504</subfield>
  </datafield>
</record>
